000 00410 a2200133 4500
005 20250610064741.0
020 _a978-1-4471-5762-5
082 _aREF 658.202 HAN
245 _aHandbook of Maintenance Management and Engineering
260 _aLondon,
_bSpringer,
_c2009.
300 _axxvii, 741p.: ill, figure, table,
_breferences & index,
_c24cm.
700 _aBEN-DAYA, M . [et all....]
942 _2ddc
_cBKS
999 _c3560
_d3560